<?xml version="1.0" encoding="UTF-8"?>
<collection xmlns="http://www.loc.gov/MARC21/slim">
 <record>
  <leader>02118cam a2200433 cc4500</leader>
  <controlfield tag="001">1070979058</controlfield>
  <controlfield tag="003">DE-627</controlfield>
  <controlfield tag="005">20260331160313.0</controlfield>
  <controlfield tag="007">tu</controlfield>
  <controlfield tag="008">850101s1962    xx |||||      00| ||ger c</controlfield>
  <datafield tag="035" ind1=" " ind2=" ">
   <subfield code="a">(DE-627)1070979058</subfield>
  </datafield>
  <datafield tag="035" ind1=" " ind2=" ">
   <subfield code="a">(DE-576)000979058</subfield>
  </datafield>
  <datafield tag="035" ind1=" " ind2=" ">
   <subfield code="a">(DE-599)BSZ000979058</subfield>
  </datafield>
  <datafield tag="035" ind1=" " ind2=" ">
   <subfield code="a">(OCoLC)310093224</subfield>
  </datafield>
  <datafield tag="035" ind1=" " ind2=" ">
   <subfield code="a">(OCoLC)310093224</subfield>
  </datafield>
  <datafield tag="040" ind1=" " ind2=" ">
   <subfield code="a">DE-627</subfield>
   <subfield code="b">ger</subfield>
   <subfield code="c">DE-627</subfield>
   <subfield code="e">rakwb</subfield>
  </datafield>
  <datafield tag="041" ind1=" " ind2=" ">
   <subfield code="a">ger</subfield>
  </datafield>
  <datafield tag="084" ind1=" " ind2=" ">
   <subfield code="a">9,10</subfield>
   <subfield code="2">ssgn</subfield>
  </datafield>
  <datafield tag="084" ind1=" " ind2=" ">
   <subfield code="a">LI 84250</subfield>
   <subfield code="2">rvk</subfield>
   <subfield code="0">(DE-625)rvk/97143:</subfield>
  </datafield>
  <datafield tag="100" ind1="1" ind2=" ">
   <subfield code="a">Sievers, Johannes</subfield>
   <subfield code="d">1880-1969</subfield>
   <subfield code="0">(DE-588)117375454</subfield>
   <subfield code="0">(DE-627)078805511</subfield>
   <subfield code="0">(DE-576)163074658</subfield>
   <subfield code="4">aut</subfield>
  </datafield>
  <datafield tag="245" ind1="1" ind2="0">
   <subfield code="a">Max Slevogt</subfield>
   <subfield code="n">1</subfield>
   <subfield code="p">1890 - 1914 / hrsg. von Hans-Jürgen Imiela</subfield>
   <subfield code="c">Johannes Sievers; Emil Waldmann</subfield>
  </datafield>
  <datafield tag="264" ind1=" " ind2="1">
   <subfield code="a">Heidelberg</subfield>
   <subfield code="a">Berlin</subfield>
   <subfield code="b">Moos</subfield>
   <subfield code="c">1962</subfield>
  </datafield>
  <datafield tag="300" ind1=" " ind2=" ">
   <subfield code="a">69 S., [81] Bl.</subfield>
   <subfield code="b">Ill.</subfield>
  </datafield>
  <datafield tag="336" ind1=" " ind2=" ">
   <subfield code="a">Text</subfield>
   <subfield code="b">txt</subfield>
   <subfield code="2">rdacontent</subfield>
  </datafield>
  <datafield tag="337" ind1=" " ind2=" ">
   <subfield code="a">ohne Hilfsmittel zu benutzen</subfield>
   <subfield code="b">n</subfield>
   <subfield code="2">rdamedia</subfield>
  </datafield>
  <datafield tag="338" ind1=" " ind2=" ">
   <subfield code="a">Band</subfield>
   <subfield code="b">nc</subfield>
   <subfield code="2">rdacarrier</subfield>
  </datafield>
  <datafield tag="583" ind1="1" ind2=" ">
   <subfield code="a">Archivierung/Langzeitarchivierung gewährleistet</subfield>
   <subfield code="f">PEBW</subfield>
   <subfield code="x">XA-DE-BW</subfield>
   <subfield code="2">pdager</subfield>
   <subfield code="5">DE-31</subfield>
  </datafield>
  <datafield tag="583" ind1="1" ind2=" ">
   <subfield code="a">Archivierung/Langzeitarchivierung gewährleistet</subfield>
   <subfield code="f">SSG</subfield>
   <subfield code="x">XA-DE-BW</subfield>
   <subfield code="2">pdager</subfield>
   <subfield code="5">DE-16</subfield>
  </datafield>
  <datafield tag="700" ind1="1" ind2=" ">
   <subfield code="a">Waldmann, Emil</subfield>
   <subfield code="d">1880-1945</subfield>
   <subfield code="0">(DE-588)117119415</subfield>
   <subfield code="0">(DE-627)133372510</subfield>
   <subfield code="0">(DE-576)163461856</subfield>
   <subfield code="4">aut</subfield>
  </datafield>
  <datafield tag="700" ind1="1" ind2=" ">
   <subfield code="a">Slevogt, Max</subfield>
   <subfield code="d">1868-1932</subfield>
   <subfield code="0">(DE-588)118614940</subfield>
   <subfield code="0">(DE-627)133438317</subfield>
   <subfield code="0">(DE-576)163100527</subfield>
   <subfield code="4">aut</subfield>
  </datafield>
  <datafield tag="700" ind1="1" ind2=" ">
   <subfield code="a">Imiela, Hans-Jürgen</subfield>
   <subfield code="d">1927-2005</subfield>
   <subfield code="0">(DE-588)11816418X</subfield>
   <subfield code="0">(DE-627)07928096X</subfield>
   <subfield code="0">(DE-576)161537790</subfield>
   <subfield code="4">oth</subfield>
  </datafield>
  <datafield tag="773" ind1="1" ind2="8">
   <subfield code="w">(DE-627)107097904X</subfield>
   <subfield code="w">(DE-576)00097904X</subfield>
   <subfield code="g">1</subfield>
   <subfield code="q">1</subfield>
   <subfield code="7">nnam</subfield>
  </datafield>
  <datafield tag="787" ind1="0" ind2="8">
   <subfield code="i">Rezensiert in</subfield>
   <subfield code="a">Dube, Wolf-Dieter, 1934 - 2015</subfield>
   <subfield code="t">[Rezension von: Johannes Sievers, Emil Waldmann, Max Slevogt - Das druckgraphische Werk, Radierungen, Lithographien, Holzschnitte. Erster Teil 1890 - 1914]</subfield>
   <subfield code="d">Nürnberg : Carl, 1963</subfield>
   <subfield code="w">(DE-627)1681710404</subfield>
  </datafield>
  <datafield tag="889" ind1=" " ind2=" ">
   <subfield code="w">(DE-576)499598172</subfield>
  </datafield>
  <datafield tag="889" ind1=" " ind2=" ">
   <subfield code="w">(DE-627)1569598177</subfield>
  </datafield>
  <datafield tag="936" ind1="r" ind2="v">
   <subfield code="a">LI 84250</subfield>
   <subfield code="b">Slevogt, Max</subfield>
   <subfield code="k">Kunstgeschichte</subfield>
   <subfield code="k">Künstler-Monografien</subfield>
   <subfield code="k">Alphabetische Künstlerliste</subfield>
   <subfield code="k">Künstler S</subfield>
   <subfield code="k">Slevogt, Max</subfield>
   <subfield code="0">(DE-627)1270883666</subfield>
   <subfield code="0">(DE-625)rvk/97143:</subfield>
   <subfield code="0">(DE-576)200883666</subfield>
  </datafield>
  <datafield tag="951" ind1=" " ind2=" ">
   <subfield code="a">MV</subfield>
  </datafield>
  <datafield tag="991" ind1=" " ind2=" ">
   <subfield code="a">Rezensiertes Werk</subfield>
  </datafield>
  <datafield tag="999" ind1=" " ind2=" ">
   <subfield code="a">KXP-PPN1070979058</subfield>
   <subfield code="e">4060446211</subfield>
  </datafield>
 </record>
</collection>
